000 00218nam a22000857a 4500
008 161111b xxu||||| |||| 00| 0 eng d
100 _91142
_aMarti
245 _awhat is a tree
260 _anew delhi
_bnational book trust
_c2006
999 _c3802
_d3802